000 00454nam a2200193Ia 4500
005 20240823050130.0
008 240823s9999||||xx |||||||||||||| ||und||
020 _a978-81-317-0460-8
041 _aENGLISH
082 _A547 Q2
100 _aPaula Yurkanis Bruice
245 0 _aOrganic Chemistry
250 _a3rd
260 _c2012
_b"Pearson ,Sing"
500 _aTRANSFERED
650 _aChemistry
_bChemistry
942 _cBK
999 _c216548
_d216548